[Event "POL-chT U19 40th"]
[Site "Chotowa"]
[Date "2009.07.??"]
[Round "1"]
[White "Matuszczyk, Przemyslaw"]
[Black "Lach, Piotr"]
[Result "0-1"]
[WhiteElo "2098"]
[BlackElo "2148"]
[PlyCount "62"]
[EventDate "2009.07.06"]
[EventType "team-tourn"]
[EventRounds "9"]
[EventCountry "POL"]
[SourceTitle "EXT 2012"]
[Source "ChessBase"]
[SourceDate "2011.11.24"]
[SourceVersion "1"]
[SourceVersionDate "2011.11.24"]
[SourceQuality "1"]
[WhiteTeam "Rybnik MKSz U19"]
[BlackTeam "Trzebinia UKS Hetman Koronny U19"]
[WhiteTeamCountry "POL"]
[BlackTeamCountry "POL"]

1. e4 c5 2. Nf3 d6 3. d4 cxd4 4. Qxd4 Nc6 5. Bb5 Bd7 6. Bxc6 Bxc6 7. Nc3 Nf6 8. Bg5 e6 9. 0-0-0 Be7 10. Qd3 Qa5 11. Kb1 0-0 12. h4 Rfc8 13. Nd4 a6 14. f3 b5 15. g4 b4 16. Nce2 Ba4 17. Ng3 Bb5 18. Qd2 Bc4 19. Nb3 Qc7 20. Nh5 Nxh5 21. gxh5 f6 22. Be3 e5 23. Rhg1 Kh8 24. h6 g6 25. f4 a5 26. h5 Bf7 27. Qf2 a4 28. Nc1 b3 29. c3 bxa2+ 30. Nxa2 Qc4 31. Nb4 Qxe4+ 0-1